00636nam a2200169 a 450000100060000000300090000600800410001502000150005604000280007108200170009910000150011624500650013126000270019630000100022350502010023365000320043422881CO-ViMGA141112s2004 ck r 000 u spa d a8497323963 aCO-ViMGAbspacCO-ViMGA04a005.74 P657i1 aPons, Olga10aIntroducción a las bases de datos : bEl modelo relacional aEspaña : bAlfaomega a286p. aIntroduccion a las bases de datos, Arquitectura de un sistema de gestion de bases de datos, Modelizacion semantica : El modelo entidad - relacion, El algebra relacional, Un lenguaje de consulta14aBASES DE DATOS RELACIONALES